Sistema de informacion profesional para jovenes y adultos que se insertan por primera vez en la formacion profesional

সংরক্ষণ করুন:
গ্রন্থ-পঞ্জীর বিবরন
প্রধান লেখক: Fonseca Brid, Rodrigo
বিন্যাস: গ্রন্থ
প্রকাশিত: San José, Costa Rica 1991
বিষয়গুলি:
ট্যাগগুলো: ট্যাগ যুক্ত করুন
কোনো ট্যাগ নেই, প্রথমজন হিসাবে ট্যাগ করুন!

MARC

LEADER 00000nam a2200000Ia 4500
003 007374
005 20221231144304.0
008 140114s1991 cr a m 000 ||s d
040 |c cru CEDI 
090 |a TFG 3095 
100 |a Fonseca Brid, Rodrigo  |9 11384 
245 |a Sistema de informacion profesional para jovenes y adultos que se insertan por primera vez en la formacion profesional  
260 |c 1991  |a San José, Costa Rica 
300 |a  xvii, [238] hojas : ilustraciones ; 28 cm.  
500 |a  Proyecto de graduacion (licenciatura en ingenieria industrial)--Universidad de Costa Rica. Facultad de Ingeniería. Escuela de Ingenieria Industrial 
650 |x INSTITUTO NACIONAL DE APRENDIZAJE (COSTA RICA).. SECCION DE INFORMACION PROFESIONAL - AUTOMATIZACION   |x SISTEMAS DE INFORMACION - COSTA RICA  |9 11385 
942 |c TFG 
999 |c 19645  |d 19645